01184cam a22003614i 4500003000900000005001700009008004100026020001500067035002700082040003300109082001900142100002700161245005300188264005100241300003800292336002100330337002500351338002300376504002800399505027400427526001000701526001000711526001000721526001000731526000800741526000800749526000800757526000800765526000800773526000800781526000800789650002500797PE-LiUPU20250731172943.0150623s r 000 0 d a0310485517 a(Sirsi) i9780310485513 aPE-LiUPUbspacPE-LiUPUerda04a253.2bD852211 aDobson, Lorna,eautor.10aI'm more than the pastor's wife /cLorna Dobson. 1aMichigan :bZondervan Publishing House,c1995. a141 páginas ;c20 centímetros atext2rdacontent aunmediated2rdamedia avolume2rdacarrier aIncluye bibliografía.0 aThe Bible : the only blueprint for "Pastor's Wife". -The struggle for balance. -What's the price for excess baggage?. -Who really comes first?. -Feeling Alone. -Taking care of me. -Partnership includes submission. -Enough is enough: setting boundaries. -A sure calling. aSEG42 aSEG41 aSEG40 aSEG39 aP94 aP87 aP86 aP85 aP77 aP76 aP3504aEsposas de pastores.